| 000 | 01524nam a2200397 c 4500 | ||
|---|---|---|---|
| 001 | 20883 | ||
| 003 | ES-MaCES | ||
| 005 | 20160310133436.0 | ||
| 007 | cr ||||||||||| | ||
| 008 | 080221s2007 sp d r o000 | spa d | ||
| 035 | _aCES20080001124m | ||
| 040 |
_aES-MaCES _bspa _cES-MaCES |
||
| 041 | 0 |
_aspa _aeng |
|
| 245 | 0 | 0 |
_aPerfil de los empresarios y resultados de sus empresas _hRecurso electrónico _cAntonio Garcia Tabuenca ... [et al.] |
| 260 |
_aAlcalá de Henares _bSERVILAB, Instituto Universitario de Análisis Económico y Social _c2007 |
||
| 300 |
_a1 documento pdf _c(860 kb) |
||
| 490 | 1 |
_aDocumentos de trabajo _v05/2007 |
|
| 500 | _aResumen en español e inglés | ||
| 541 | _cGratuito | ||
| 650 | 4 |
_aempresario _928188 |
|
| 650 | 4 |
_acapacidad empresarial _930588 |
|
| 650 | 4 |
_avolumen de negocios _927931 |
|
| 650 | 4 |
_aeficiencia _928258 |
|
| 650 | 4 |
_aEspaña _926964 |
|
| 650 | 4 |
_a1997-2004 _931922 |
|
| 650 | 4 |
_acuadros estadísticos _928890 |
|
| 653 | 1 | 0 | _aEmpresa |
| 650 | 4 |
_928178 _aempresa |
|
| 700 | 1 |
_aGarcía Tabuenca, Antonio _913083 |
|
| 710 | 2 |
_95244 _aUniversidad de Alcalá de Henares _bInstituto de Análisis Económico y Social _eed. |
|
| 830 | 0 |
_aDocumentos de trabajo (Universidad de Alcalá de Henares. Instituto de Análisis Económico y Social) _v05/2007 _934335 |
|
| 856 | 4 |
_uhttp://biblioteca.ces.es/repintra/47-24399.pdf _ytexto completo _z[intranet] |
|
| 902 | _aELE PUB. ELECTRONICA | ||
| 942 |
_2CES _cBK _h0.0. |
||
| 999 |
_c20883 _d20883 |
||